| 000 | 00560cam3a220019300 4500 | ||
|---|---|---|---|
| 001 | tmp15358087 | ||
| 003 | UPRA | ||
| 005 | 20190819092354.0 | ||
| 008 | 950801s1943 gw ger u | ||
| 035 | _a(Sirsi) r85698 | ||
| 035 | _a(UPRA)tmp15358087 | ||
| 040 | _cUPRA | ||
| 100 | 1 |
_aGrimm, H. (Hans) _qGrimm, H. (Hans) _6A30505.1 |
|
| 245 | 1 | 0 |
_aLuderitzland : _bsieben Begenbenheiten. |
| 260 |
_aMunchen : _bA. Langen - G. Muller, _c[1943] |
||
| 500 | _aFirst published in 1934. | ||
| 949 |
_aPT2613.R52 _wlcc _i-119039 _mMAIN _tBOOK _lON-SHELF |
||
| 004 | 85698 | ||
| 999 |
_c96936 _d96936 |
||